Europejski Złoty But 14/15 - piłka nożna - Statystyki

Ogólne statystyki
  • Ten quiz został rozwiązany 434 razy
    349 od ostatniego zresetowania
  • Średni wynik to 6 z 13
Statystyki odpowiedzi
Bramki Kraj Liga Piłkarz % Poprawnych
48 Portugalia ESP Cristiano Ronaldo
100%
43 Argentyna ESP Lionel Messi
100%
22 Brazylia ESP Neymar Jr.
90%
26 Argentyna ENG Sergio Agüero
76%
21 Anglia ENG Harry Kane
57%
22 Francja ESP Antoine Griezmann
52%
22 Argentyna ITA Mauro Icardi
37%
21 Kolumbia POR Jackson Martinez
20%
20 Hiszpania ENG Diego Costa
15%
20 Brazylia POR Jonas
11%
20 Argentyna ITA Carlos Tevez
10%
20 Kolumbia ESP Carlos Bacca
8%
22 Włochy ITA Luca Toni
8%
Nie znaleziono quizów pasujących do podanych kryteriów
Rozkład punktacji
Procent ludzi z każdym wynikiem
Percentyl według liczby udzielonych odpowiedzi
Twoja historia wyników
Nie rozwiązałeś tego quizu od ostatniego zresetowania